| 000 | 00601nam a2200193Ia 4500 | ||
|---|---|---|---|
| 003 | GCL | ||
| 008 | 140319s9999 xx 000 0 ara d | ||
| 040 |
_aGCL / _cGCL |
||
| 082 | 0 | 4 |
_a780.92 _bم ر |
| 100 | 1 | _aمحمود كامل | |
| 245 | 1 | 0 |
_aرواد الموسيقى العربى : داود حسنى / _cمحمود كامل |
| 260 |
_a[S.N] : _bمعهد الموسيقى العربية |
||
| 300 | _a46 ص | ||
| 650 | 0 | 4 | _aالموسيقى |
| 650 | 0 | 4 | _aالموسيقيون المصريون |
| 650 | 0 | 4 | _aالالحان الموسيقية |
| 650 | 0 | 4 | _aداود حسنى |
| 942 |
_2ddc _cBK |
||
| 999 |
_c40404 _d40404 |
||